ბათუმის შოთა რუსთაველის სახელმწიფო უნივერსიტეტის ბიბლიოთეკა

გლობალიზაცია და მისი თანმდევი უკმაყოფილება = globalization and its discontents / (ბიბ.ჩანაწერი № 40656)

000 -ლიდერი
ფიქსირებული სიგრძის საკონტროლო ველი 01368nam a2200265Ia 4500
001 - საკონტროლო ნომერი
საკონტროლო ველი 7284
003 - საკონტროლო ნომრის იდენტიფიკატორი
საკონტროლო ველი GE_BSU
005 - ბოლო ოპერაციის თარიღი და დრო
საკონტროლო ველი 20231114115520.0
008 - ფიქსირებული სიგრძის მონაცემთა ელემენტები - ზოგადი ინფორმაცია
ფიქსირებული სიგრძის საკონტროლო ველი 181216s2012||||ge |||||||||||||| ||geo||
020 ## - წიგნის საერთაშორისო სტანდარტული ნომერი
International Standard Book Number 9789941924286
040 ## - კატალოგიზაციის წყარო
Transcribing agency GE_BSU
041 ## - ენის კოდი
Language code of text/sound track or separate title geo
080 ## - უნივერსალური ათობითი კლასიფიკაციის ინდექსი
Universal Decimal Classification number 316.32 + 339.924 + 005.44 ს-84
100 ## - მთავარი ჩანაწერი - პიროვნების სახელი
Personal name სტიგლიცი, ჯოზეფ
9 (RLIN) 45
245 ## - ცნობა სათაურის შესახებ
Title გლობალიზაცია და მისი თანმდევი უკმაყოფილება = globalization and its discontents /
Statement of responsibility, etc ჯოზეფ სტიგლიცი ; მთარგმნ. ლია ჯამბურია ; რედ. გიორგი აბაშიშვილი.
264 ## - წარმოების, გამოცემის, დისტრიბუციის და სხვა ცნობები
გამოცემის, წარმოების, დისტრიბუციის... ადგილი თბილისი :
გამოცემის, წარმოების, დისტრიბუციის... სახელწოდება საუნჯე,
გამოცემის, წარმოების, დისტრიბუციის... თარიღი 2012.
300 ## - ფიზიკური აღწერა
Extent 382 გვ. ;
Dimensions 20 სმ.
500 ## - ზოგადი შენიშვნა
General note შენიშვნები გვ. 365-381
546 ## - LANGUAGE NOTE
Language note თავფურცელი ქართულ და ინგლისურ ენებზე
653 ## - INDEX TERM--UNCONTROLLED
Uncontrolled term გლობალიზაცია და მისი თანმდევი უკმაყოფილება.
700 ## - ADDED ENTRY--PERSONAL NAME
Personal name ჯამბურია, ლია
Relator term მთარგმნელი
9 (RLIN) 2388
700 ## - ADDED ENTRY--PERSONAL NAME
Personal name აბაშიშვილი, გიორგი
Relator term რედაქტორი
9 (RLIN) 2389
942 ## - ADDED ENTRY ELEMENTS (KOHA)
Koha item type წიგნი
Source of classification or shelving scheme
ეგზემპლარები
ჩამოწერის სტატუსი დაკარგული ეგზემპლარის სტატუსი კლასიფიკაციის წყარო ან თაროზე გაწყობის სქემა დაზიანების სტატუსი არ გაიცემა მუდმივი მდებარეობა (დაცვის ადგილი) ამჟამინდელი ადგილსამყოფელი თაროზე განთავსების ადგილი შეძენის თარიღი ღირებულება, შესყიდვის ნორმალური ფასი სრული შენახვის შიფრი შტრიხკოდი ბოლო ოპერაციის თარიღი ეგზემპლარის მიმდევრობითი ნომერი (კეტერი?) ფასის ძალაში შესვლის თარიღი ეგზემპლარის სახეობა საჯარო შენიშვნა
          ბათუმის შოთა რუსთაველის სახელმწიფო უნივერსიტეტის მთავარი ბიბლიოთეკა ბათუმის შოთა რუსთაველის სახელმწიფო უნივერსიტეტის მთავარი ბიბლიოთეკა წიგნსაცავი 2018-12-17 2.00 316.32 + 339.924 + 005.44 ს-84 23140 2018-12-17 23140 2018-12-17 წიგნი 2.00 ₾.